| 000 | 00000cas 2200000za 4500 |
| 001 | 9.500741 |
| 003 | CaOODSP |
| 005 | 20260324132630 |
| 007 | cr ||||||||||| |
| 008 | 150406c19879999oncar p oll f0 |0eng|d |
| 022 | |a2369-2006 |
| 040 | |aCaOODSP|beng |
| 041 | |aeng|afre |
| 043 | |an-cn--- |
| 086 | 1 |aYX2-PDF |
| 222 | 0|aActs of the Parliament of Canada|b(Online) |
| 245 | 00|aActs of the Parliament of Canada |h[electronic resource] = |bLois du Parlement du Canada. |
| 246 | 11|aLois du Parlement du Canada |
| 246 | 1 |iAlso known as:|aAnnual statutes |
| 246 | 1 |iÉgalement connu sous le titre:|aLois annuelles |
| 246 | 3 |aAnnual Statutes of Canada |
| 246 | 3 |aLois annuelles du Canada |
| 260 | |a[Ottawa] : |bQueen's Printer, |c[1988]- |
| 310 | |aAnnual |
| 520 | 3 |aThis compilation contains the year’s legislation and related parliamentary materials and information. |
| 546 | |aText in English and in French. |
| 550 | |aPubl. 2015?- by Department of Justice Canada. |
| 690 | 07|aLegislation|2gcpds |
| 710 | 1 |aCanada. |bQueen's Printer. |
| 710 | 1 |aCanada. |bDepartment of Justice. |
| 776 | 0#|tActs of Parliament of Canada = |w(CaOODSP)9.511877 |
| 792 | |tActs of the Parliament of Canada |efre|w(CaOODSP)9.500742 |